00327nam a22001097a 4500008004100000082001800041100000900059245007900068260004300147300001000190500001700200230602b xxu||||| |||| 00| 0 eng d a967.3262bBOG d1980 aKenya 1945-1963bA Study in African National MovementscSorobea N. Bogonko aNairobibKenya Literature Bureauc1980 a302 p aIt has maps.